000 00624nam a2200193Ia 4500
003 OSt
005 20240504100041.0
008 210210b2001 xxu||||| |||| 00| 0 eng d
040 _cAL
041 _aKannada
082 _aK894.9 VENA
100 _aVENKATESHAMURTI (H S).
_dವೆಂಕಟೇಶಮೂರ್ತಿ (ಎಚ್ ಎಸ್)
_9163139
245 _aAkashada hakku: vimarsha samputa.
_b ಆಕಾಶದ ಹಕ್ಕು: ವಿಮರ್ಶಾ ಸಂಪುಟ
260 _aBengaluru
_bSi Vi Ji Pablikeshans
_c2001
300 _a350
690 _aKannada Criticism
_9163140
906 _aSG04086
942 _2ddc
_cBK
999 _c114762
_d114762